000 01355nam0a2200289 i 4500
001 RU\NLR\bibl\2036808
005 20260406002644.0
010 _a9785997323042
_91000
021 _aRU
_b2013-32734
_92242
035 _a(NLR Aleph) 002024211
090 _a4519165
_c4519165
100 _a20130525d2013 u y0rusy50 ca
101 0 _arus
102 _aRU
105 _aa |||||||||
200 1 _aВ эфире музыка
_eпоэзия
_fГалина Богапеко
210 _aМосква
_cСпутник+
_d2013
215 _a191, [1] c.
_cил., портр.
_d20
327 1 _aСодерж.: циклы: Душою с вами, строкою к вам!; Городская лирика; Мой мир фантазий и реалий; На крыльях веры; Гражданская лирика; Вечная тема любви; В природе все закономерно; Квинтэссенция вымысла; Мечтами свой путь устилать; Их души парят, а строки живут [и др.]
686 _aШ6(2=Р)8-5
700 1 _4070
_8rus
_7ca
_aБогапеко
_bГ. П.
_f1945-
_gГалина Петровна
_3RU\NLR\auth\77112190
_995115
801 0 _aRU
_bNLR
_c20130525
_gRCR
801 1 _aRU
_bNLR
_c20130525
942 _cBOOK
980 _aNBR